| 000 | 00388nam a2200157Ia 4500 | ||
|---|---|---|---|
| 008 | 231221s9999 xx 000 0 und d | ||
| 020 | _a81-203-2795-0 | ||
| 041 | _aEnglish | ||
| 100 | _aNarayanaswamy, R | ||
| 245 | 0 | _aFinancial accounting : a managerial perspective | |
| 250 | _a2nd ed. | ||
| 260 |
_c2005 _bPHI _aNew Delhi |
||
| 300 | _axiii+663 | ||
| 300 | _c40147 | ||
| 942 | _cCD | ||
| 999 |
_c203369 _d203369 |
||